000 00617 a2200205 4500
001 067492
003 OSt
005 20211214154418.0
008
020 _a9780470699706
082 _a660.6
_bC61C
245 1 _aClick chemistry for biotechnology and materials science
_cedited by Joerg Lahann
260 _aNew York
_bJohn Wiley and Sons
_c2009
300 _a411p.
630 _aChemistry
630 _aBiotechnology
653 _aMaterials science; Biotechnology; Combinatorial chemistry; Macromolecules--Synthesis
700 _aLahann Joerg
_eEditor
942 _2ddc
_cBK
999 _c1385
_d1385